000 01233cab a2200265 4500
001 X95732
008 090401t1998 xxu||||| |||| 00| 0 eng d
035 _a(Sirsi) u90368
041 _aeng
245 _aBarrett and others v Morgan
260 _c1998
350 _a0
490 _aEstates Gazette
_v[1998] 50 EG 87-93(7)
520 _aCA 30 June 1998. Plaintiffs appealed from a decision dismissing their claim for possession of land. B were freeholders of agricultural land which was subject to a subtenancy held by M. In order to sell the land, B issued a notice to quit, the tenants refrained to serve a counternotice, so on expiry of the notice to quit the head tenancy, B believed the tenancy and subtenancy would end. The appeal was dismissed on the grounds that the termination of a headlease does not destroy any subtenancies. Held.
650 _aAGRICULTURAL HOLDINGS ACT 1986
650 _aPROPERTY-LANDLORD AND TENANT-TENANCIES-AGRICULTURAL TENANCIES
650 _aBARRETT AND OTHERS V MORGAN
650 _aHEADLEASE
650 _aNOTICE TO QUIT
650 _aPOSSESSION
650 _aSUBTENANCIES
690 _aLANDLORD AND TENANT-CASE LAW-AGRICULTURAL TENANCIES
942 _n0
948 _c17/12/1998
999 _c57293
_d57293